LEADER 01600nam0 22003493i 450 001 VAN0239117 005 20220715092059.983 017 70$2N$a9783030344924 100 $a20220203d2020 |0itac50 ba 101 $aeng 102 $aCH 105 $a|||| ||||| 200 1 $aGastronomy and Urban Space$eChanges and Challenges in Geographical Perspective$feditors Andrzej Kowalczyk, Marta Derek 210 $aCham$cSpringer$d2020 215 $aXLII, 345 p.$cill.$d24 cm 410 1$1001VAN0237225$12001 $aˆThe ‰Urban Book Series$1210 $aCham$cSpringer$d2016- 620 $aCH$dCham$3VANL001889 676 $a711$cUrbanistica (Pianificazione territoriale)$v22 676 $a304.2$cAntropologia ecologica. Geografia umana$v22 676 $a910$cGeografia generale$v22 676 $a330.9$cGeografia economica$v22 702 1$aDerek$bMarta$3VANV196057 702 1$aKowalczyk$bAndrzej$3VANV196056 712 $aSpringer $3VANV108073$4650 801 $aIT$bSOL$c20240614$gRICA 856 4 $uhttps://link.springer.com/book/10.1007/978-3-030-34492-4$zE-book - Accesso al full-text attraverso riconoscimento IP di Ateneo, proxy e/o Shibboleth 899 $aBIBLIOTECA DEL DIPARTIMENTO DI SCIENZE E TECNOLOGIE AMBIENTALI BIOLOGICHE E FARMACEUTICHE$1IT-CE0101$2VAN17 912 $fN 912 $aVAN0239117 950 $aBIBLIOTECA DEL DIPARTIMENTO DI SCIENZE E TECNOLOGIE AMBIENTALI BIOLOGICHE E FARMACEUTICHE$d17CONS e-book 2223 $e17BIB2223/329 329 20220203 996 $aGastronomy and Urban Space$92044197 997 $aUNICAMPANIA LEADER 01788nam0 2200433 i 450 001 VAN00126742 005 20240806100822.324 017 70$2N$a9783030323233 100 $a20200214d2019 |0itac50 ba 101 $aeng 102 $aCH 105 $a|||| ||||| 200 1 $aBasics of Probability and Stochastic Processes$fEsra Bas 210 $aCham$cSpringer$d2019 215 $aix, 307 p.$cill.$d24 cm 500 1$3VAN00236686$aBasics of Probability and Stochastic Processes$91668169 606 $a60-XX$xProbability theory and stochastic processes [MSC 2020]$3VANC020428$2MF 606 $a60Gxx$xStochastic processes [MSC 2020]$3VANC020000$2MF 610 $aBrownian Motions$9KW:K 610 $aCombinatorics$9KW:K 610 $aContinuous random variables$9KW:K 610 $aDiscrete random variables$9KW:K 610 $aMarkov Chains$9KW:K 610 $aPoisson process$9KW:K 610 $aQuality control, reliability, Safety and Risk$9KW:K 610 $aQueueing Models$9KW:K 610 $aRandom variables$9KW:K 610 $aReliability theory$9KW:K 620 $aCH$dCham$3VANL001889 700 1$aBas$bEsra$3VANV098143$0781000 712 $aSpringer $3VANV108073$4650 801 $aIT$bSOL$c20250221$gRICA 856 4 $uhttp://doi.org/10.1007/978-3-030-32323-3$zE-book ? Accesso al full-text attraverso riconoscimento IP di Ateneo, proxy e/o Shibboleth 899 $aBIBLIOTECA DEL DIPARTIMENTO DI MATEMATICA E FISICA$1IT-CE0120$2VAN08 912 $fN 912 $aVAN00126742 950 $aBIBLIOTECA DEL DIPARTIMENTO DI MATEMATICA E FISICA$d08DLOAD e-book 1519 $e08eMF1519 20200214 996 $aBasics of Probability and Stochastic Processes$91668169 997 $aUNICAMPANIA